| 000 | 00826nab a2200253 u 4500 | ||
|---|---|---|---|
| 001 | 16103 | ||
| 003 | HDC | ||
| 007 | cr bn ---aaaaa | ||
| 008 | 210221c mydr|noo 0 a may d | ||
| 040 | _aHDC | ||
| 100 |
_aABDULLAH HAMID _eauthor _916037 |
||
| 245 | 0 |
_aTindakan Nafas import ayam dikesali / _cby ABDULLAH HAMID |
|
| 260 |
_aMalaysia: _bUtusan Malaysia, _c2003 |
||
| 336 |
_atext _2rdacontent |
||
| 337 |
_acomputer _2rdamedia |
||
| 338 |
_aonline resource _2rdacarrier |
||
| 650 |
_ahalal issues _91644 |
||
| 650 |
_aImported animal _916038 |
||
| 710 | _aUtusan Malaysia | ||
| 856 | _zRequest full-text at [email protected] | ||
| 942 | _2lcc | ||
| 942 | _cNEWS | ||
| 942 | _kNSWO 008391 | ||
| 999 |
_c13419 _d13419 |
||